Little mix song by emojis - Statistics

General Stats
  • This quiz has been taken 206 times
  • The average score is 9 of 14
Answer Stats
Picture Answer % Correct
Black magic
99%
DNA
88%
I love you
83%
No more sad songs
75%
Wings
74%
Boy
69%
Shout out to my ex
69%
Love me like you
62%
Power
61%
Secret love song
54%
Red planet
51%
Love drunk
39%
Madhouse
37%
Turn your face
11%
No matching quizzes found
Score Distribution
Percent of People with Each Score
Percentile by Number Answered
Your Score History
You have not taken this quiz